| 000 | 00489nam a2200217Ia 4500 | ||
|---|---|---|---|
| 003 | OSt | ||
| 005 | 20230316142246.0 | ||
| 008 | 210423s2002 xx 000 0 und d | ||
| 040 | _cAL | ||
| 041 | _aeng | ||
| 082 | _a340 GULB | ||
| 100 |
_aGULSHAN (S S) _975761 |
||
| 245 | _aBusiness law | ||
| 260 |
_bExcel Books _c2002 |
||
| 300 |
_a640 _bPB |
||
| 365 |
_b350 _cINR |
||
| 650 |
_aLaw _975762 |
||
| 650 |
_aSocial Sciences _975763 |
||
| 906 | _aBusiness ; law | ||
| 942 |
_2ddc _cBK |
||
| 999 |
_c173417 _d173417 |
||